The impact of the Civil Procedure Rules on surveyors (Record no. 85424)
[ view plain ]
| 000 -LEADER | |
|---|---|
| fixed length control field | 01964cam a2200385 4500 |
| 001 - CONTROL NUMBER | |
| control field | |
| 008 - FIXED-LENGTH DATA ELEMENTS--GENERAL INFORMATION | |
| fixed length control field | 030609n2002 000 0 eng u |
| 020 ## - INTERNATIONAL STANDARD BOOK NUMBER | |
| International Standard Book Number | 1899769749 |
| 035 ## - SYSTEM CONTROL NUMBER | |
| System control number | (Sirsi) u122555 |
| 041 ## - LANGUAGE CODE | |
| Language code of text/sound track or separate title | eng |
| 050 ## - LIBRARY OF CONGRESS CALL NUMBER | |
| Classification number | 347.4107 |
| -- | 18 |
| 100 ## - MAIN ENTRY--PERSONAL NAME | |
| Personal name | Webber, Lesley |
| 245 #4 - TITLE STATEMENT | |
| Title | The impact of the Civil Procedure Rules on surveyors |
| Remainder of title | a CPD study pack |
| 250 ## - EDITION STATEMENT | |
| Edition statement | 2nd ed. |
| 260 ## - PUBLICATION, DISTRIBUTION, ETC. | |
| Place of publication, distribution, etc. | Reading |
| Name of publisher, distributor, etc. | College of Estate Management |
| Date of publication, distribution, etc. | 2002 |
| 300 ## - PHYSICAL DESCRIPTION | |
| Extent | 51p. |
| Dimensions | 30cm + 1 audio cassette (ca. 60 min.) |
| 350 ## - PRICE (NR) (BK AM CF MU VM SE) [OBSOLETE] | |
| Price | 52 |
| 490 ## - SERIES STATEMENT | |
| Series statement | College of Estate Management CPD Study Pack |
| 520 ## - SUMMARY, ETC. | |
| Summary, etc. | This CPD study pack considers the key concepts and features of the Civil Procedure Rules (CPR). Aspects of note to surveyors concern expert evidence, pre-action protocols, offers of settlement and costs. Discusses how CPR affects the lease renewal procedure, their impact on other forms of dispute resolution and how they interact with the Human Rights Act 1998. Includes the full text of the "Code of guidance on expert evidence : a guide for experts and those instructing them for the purpose of court proceedings". Case law. Accompanied by the Owlion audio tape "Woolf : surveyors and the Civil Procedure Rules (CPR)" which is available to borrow seperately (J105542) |
| 520 ## - SUMMARY, ETC. | |
| Summary, etc. | Supersedes first edition "The impact of the Woolf reforms on surveyors : a CPD study pack" (ISBN 1899769439). |
| 520 ## - SUMMARY, ETC. | |
| Summary, etc. | Superseded by third edition (ISBN 1904388272). |
| 650 ## - SUBJECT ADDED ENTRY--TOPICAL TERM | |
| Topical term or geographic name entry element | CIVIL PROCEDURE RULES 1998 |
| 650 ## - SUBJECT ADDED ENTRY--TOPICAL TERM | |
| Topical term or geographic name entry element | CODE OF GUIDANCE ON EXPERT EVIDENCE |
| 650 ## - SUBJECT ADDED ENTRY--TOPICAL TERM | |
| Topical term or geographic name entry element | COURT PROCEDURES |
| 650 ## - SUBJECT ADDED ENTRY--TOPICAL TERM | |
| Topical term or geographic name entry element | CIVIL PROCEDURE RULES PART 24 |
| 650 ## - SUBJECT ADDED ENTRY--TOPICAL TERM | |
| Topical term or geographic name entry element | CIVIL PROCEDURE RULES PART 35 |
| 650 ## - SUBJECT ADDED ENTRY--TOPICAL TERM | |
| Topical term or geographic name entry element | EXPERT WITNESSES |
| 650 ## - SUBJECT ADDED ENTRY--TOPICAL TERM | |
| Topical term or geographic name entry element | LEASE RENEWALS |
| 650 ## - SUBJECT ADDED ENTRY--TOPICAL TERM | |
| Topical term or geographic name entry element | PRE-ACTION PROTOCOLS |
| 650 ## - SUBJECT ADDED ENTRY--TOPICAL TERM | |
| Topical term or geographic name entry element | PROFESSIONAL ARBITRATION ON COURT TERMS |
| 650 ## - SUBJECT ADDED ENTRY--TOPICAL TERM | |
| Topical term or geographic name entry element | WOOLF REFORMS |
| 690 ## - LOCAL SUBJECT ADDED ENTRY--TOPICAL TERM (OCLC, RLIN) | |
| Topical term or geographic name as entry element | Dispute resolution |
| 9 (RLIN) | 6236 |
| 710 ## - ADDED ENTRY--CORPORATE NAME | |
| Corporate name or jurisdiction name as entry element | College of Estate Management |
| 9 (RLIN) | 400 |
| 942 ## - ADDED ENTRY ELEMENTS (KOHA) | |
| Suppress in OPAC | 0 |
| Withdrawn status | Lost status | Source of classification or shelving scheme | Damaged status | Not for loan | Home library | Current library | Shelving location | Date acquired | Cost, normal purchase price | Total Checkouts | Full call number | Barcode | Date last seen | Date last checked out | Copy number | Cost, replacement price | Price effective from | Koha item type |
|---|---|---|---|---|---|---|---|---|---|---|---|---|---|---|---|---|---|---|
| Dewey Decimal Classification | London | London | Basement | 19/06/2003 | 44.20 | 15 | SHELF 330 | 30067268 | 06/08/2019 | 12/04/2005 | 1 | 44.20 | 06/08/2019 | Audio |